[Event "HUN-chT2 Maroczy 1819"]
[Site "Hungary"]
[Date "2019.02.24"]
[Round "8.12"]
[White "Javorek, Janka"]
[Black "Arato, Daniel"]
[Result "0-1"]
[WhiteElo "1629"]
[BlackElo "1733"]
[PlyCount "84"]
[EventDate "2018.09.23"]
[EventType "team-tourn"]
[EventRounds "11"]
[EventCountry "HUN"]
[SourceTitle "EXT 2020"]
[Source "ChessBase"]
[SourceDate "2019.10.17"]
[SourceVersion "1"]
[SourceVersionDate "2019.10.17"]
[SourceQuality "1"]
[WhiteTeam "Taban Spartacus"]
[BlackTeam "Szeged Maroczy II"]
[WhiteTeamCountry "HUN"]
[BlackTeamCountry "HUN"]

1. d4 d5 2. c4 c6 3. Nc3 Nf6 4. Nf3 dxc4 5. e3 b5 6. a4 b4 7. Na2 a5 8. Bxc4 e6 9. b3 c5 10. dxc5 Qxd1+ 11. Kxd1 Bxc5 12. Bb2 Ne4 13. Ke2 Ke7 14. Rhd1 Nd6 15. Bd3 Bb7 16. Rac1 Nd7 17. Be5 Bd5 18. Bxd6+ Bxd6 19. Nd4 Bxg2 20. f3 Nc5 21. Bb5 Rac8 22. Nc6+ Rxc6 23. Bxc6 Nxb3 24. Rb1 Nc5 25. Nxb4 axb4 26. Rxb4 Rc8 27. Rb6 Bc7 28. Rb5 Bd6 29. a5 Rxc6 30. Rb6 Rxb6 31. axb6 Na4 32. Rg1 Bh3 33. b7 g6 34. Rc1 Nb6 35. Rc6 Nd7 36. Rc8 e5 37. e4 Nb8 38. Rh8 h5 39. Rc8 Bd7 40. Kd3 Bc6 41. Rxc6 Nxc6 42. Kc4 Na5+ 0-1

[Event "HUN-chT2 Maroczy 1819"]
[Site "Hungary"]
[Date "2018.09.23"]
[Round "1.12"]
[White "Toth, Nikoletta"]
[Black "Javorek, Janka"]
[Result "1-0"]
[WhiteElo "1835"]
[BlackElo "1629"]
[PlyCount "59"]
[EventDate "2018.09.23"]
[EventType "team-tourn"]
[EventRounds "11"]
[EventCountry "HUN"]
[SourceTitle "EXT 2020"]
[Source "ChessBase"]
[SourceDate "2019.10.17"]
[SourceVersion "1"]
[SourceVersionDate "2019.10.17"]
[SourceQuality "1"]
[WhiteTeam "Szigetszentmiklos"]
[BlackTeam "Taban Spartacus"]
[WhiteTeamCountry "HUN"]
[BlackTeamCountry "HUN"]

1. d4 d5 2. Bf4 e6 3. e3 c5 4. c3 Nc6 5. Nf3 Nf6 6. Be2 b6 7. h3 Bb7 8. 0-0 Be7 9. Nbd2 0-0 10. Ne5 Bd6 11. Bh2 Qc7 12. f4 Nd7 13. Bd3 f6 14. Nxd7 Qxd7 15. Qh5 f5 16. g4 Qf7 17. Qh4 b5 18. Bxb5 cxd4 19. cxd4 Rab8 20. Nf3 Qg6 21. Rf2 a6 22. Bf1 Rfc8 23. Bg2 Nb4 24. Ne1 fxg4 25. hxg4 Nc2 26. Nxc2 Rxc2 27. f5 Bxh2+ 28. Qxh2 Qe8 29. Rxc2 exf5 30. Qe5 1-0

[Event "Eger Agria op 41th"]
[Site "Eger"]
[Date "2017.07.23"]
[Round "9"]
[White "Csatari, Dominik"]
[Black "Javorek, Janka"]
[Result "1/2-1/2"]
[WhiteElo "1720"]
[BlackElo "1525"]
[PlyCount "57"]
[EventDate "2017.07.17"]
[EventType "swiss"]
[EventRounds "9"]
[EventCountry "HUN"]
[SourceTitle "EXT 2020"]
[Source "ChessBase"]
[SourceDate "2019.10.17"]
[SourceVersion "1"]
[SourceVersionDate "2019.10.17"]
[SourceQuality "1"]

1. e4 Nf6 2. e5 Nd5 3. d4 d6 4. c4 Nb6 5. exd6 cxd6 6. Nf3 Bg4 7. Be2 g6 8. h3 Bxf3 9. Bxf3 Nc6 10. b3 Bg7 11. Bb2 0-0 12. 0-0 e6 13. a3 d5 14. c5 Nc8 15. Qd3 N8e7 16. g4 Qc7 17. b4 Qf4 18. Qe3 Qh6 19. Bg2 Qxe3 20. fxe3 Bh6 21. Re1 f5 22. Bf3 fxg4 23. Bxg4 Nf5 24. b5 Bxe3+ 25. Rxe3 Nxe3 26. Bxe6+ Kg7 27. bxc6 bxc6 28. Nd2 Rf6 29. Bg4 1/2-1/2

[Event "Eger Agria op 41th"]
[Site "Eger"]
[Date "2017.07.20"]
[Round "6"]
[White "Simon, Milan Gabor"]
[Black "Javorek, Janka"]
[Result "1/2-1/2"]
[WhiteElo "1472"]
[BlackElo "1525"]
[PlyCount "43"]
[EventDate "2017.07.17"]
[EventType "swiss"]
[EventRounds "9"]
[EventCountry "HUN"]
[SourceTitle "EXT 2020"]
[Source "ChessBase"]
[SourceDate "2019.10.17"]
[SourceVersion "1"]
[SourceVersionDate "2019.10.17"]
[SourceQuality "1"]

1. e4 Nf6 2. e5 Nd5 3. d4 d6 4. c4 Nb6 5. exd6 cxd6 6. Nc3 g6 7. Nf3 Bg7 8. b3 Nc6 9. h3 Bf5 10. Bb2 0-0 11. Be2 e5 12. dxe5 dxe5 13. 0-0 Qe7 14. Qc1 Rfd8 15. Rd1 e4 16. Nh2 Rxd1+ 17. Nxd1 Rd8 18. Bxg7 Kxg7 19. Qb2+ Qf6 20. Nc3 Ne5 21. Bf1 Nc6 22. Rd1 1/2-1/2

[Event "Eger Agria op 41th"]
[Site "Eger"]
[Date "2017.07.18"]
[Round "3"]
[White "Javorek, Janka"]
[Black "Herczeg, Marcell"]
[Result "1/2-1/2"]
[WhiteElo "1525"]
[BlackElo "1089"]
[PlyCount "86"]
[EventDate "2017.07.17"]
[EventType "swiss"]
[EventRounds "9"]
[EventCountry "HUN"]
[SourceTitle "EXT 2020"]
[Source "ChessBase"]
[SourceDate "2019.10.17"]
[SourceVersion "1"]
[SourceVersionDate "2019.10.17"]
[SourceQuality "1"]

1. d4 Nf6 2. c4 e6 3. Nc3 d5 4. Bg5 Be7 5. e3 b6 6. Nf3 Bb7 7. cxd5 exd5 8. Bd3 Nbd7 9. 0-0 Ne4 10. Bxe7 Qxe7 11. Nb5 Ndf6 12. Ne5 a6 13. Nc3 Nd7 14. Nxd7 Qxd7 15. Rc1 0-0 16. Qc2 Nf6 17. Ne2 c6 18. Ng3 Qc7 19. e4 h6 20. exd5 Nxd5 21. Be4 Rad8 22. Rfd1 Rfe8 23. Qc4 Qd6 24. Re1 Ne7 25. Rcd1 Rd7 26. Nf5 Nxf5 27. Bxf5 Rde7 28. Rxe7 Rxe7 29. Bg4 c5 30. dxc5 Qxd1+ 31. Bxd1 Re1+ 32. Qf1 Rxf1+ 33. Kxf1 bxc5 34. g3 Kf8 35. Bb3 Ke7 36. Ke2 f6 37. Kd3 Kd6 38. Bc4 g5 39. f4 gxf4 40. gxf4 a5 41. h4 Bd5 42. a4 Ke6 43. b3 Kd6 1/2-1/2